000 01006nam a2200277Ia 4500
003 OSt
005 20220923211610.0
006 a|||||r|||| 00| 0
007 ta
008 220922b |||||||| |||| 00| 0 hin d
020 _a9789388891691 (hbk)
_c895
024 _a354,770
037 _b165, 29/12/2021, Mallika Books
_cTextual
040 _aARTS
_cARTS
_bhin
041 _2hin
_ahin
082 _aO152,3:g, R0
100 _aचमन लाल, ले.
245 0 _aउपन्यास के आईने में जिंदगी के रंग
246 _aUpanyās ke āīne mean jiandagī ke ranga
260 _aनई दिल्ली
_b स्वराज प्रकाशन
_c2020
300 _a256पृ.
_ccm.
650 _a हिन्दी साहित्य
_9156264
650 _aहिन्दी कहानी
942 _hO152,3:g, R0
_cTEXL
_2CC
999 _c301232
_d301232